Trust management in the Finnish ministries: evaluation of management systems (Record no. 57640)

000 -LEADER
fixed length control field 01489pab a2200157 454500
008 - FIXED-LENGTH DATA ELEMENTS--GENERAL INFORMATION
fixed length control field 180718b2003 xxu||||| |||| 00| 0 eng d
100 ## - MAIN ENTRY--PERSONAL NAME
Personal name Harisalo, Risto
245 ## - TITLE STATEMENT
Title Trust management in the Finnish ministries: evaluation of management systems
260 ## - PUBLICATION, DISTRIBUTION, ETC.
Date of publication, distribution, etc. 2003
300 ## - PHYSICAL DESCRIPTION
Extent p.915-40.
520 ## - SUMMARY, ETC.
Summary, etc. Our purpose was to find out to what extent civil servants - managers, specialists, and experts - in 13 Finnish ministries have confidence in their management systems. We defined trust as a kind of deep sentiment, more fundamental than mere acceptance, satisfaction or legitimacy. Trust and mistrust are strong motivators for cooperation and collaboration. They are logical outcomes of social interaction in terms of management systems and context. We found out that civil servants are more likely to trust management if it acts professionally with no emphasis on political factors. Ministers, for instance, can efficiently earn their trust with administrative experience and behavior norms. Our analysis showed that there are both well-trusted and ill-trusted components in management systems implicating that management must be the object of continuous development. As a whole civil servants have more confidence in work community than in strategy, structure, people policies, and administrative processes of the ministries. - Reproduced.
650 ## - SUBJECT ADDED ENTRY--TOPICAL TERM
Topical term or geographic name entry element Public administration
700 ## - ADDED ENTRY--PERSONAL NAME
Personal name Stenvall, Jari
773 ## - HOST ITEM ENTRY
Main entry heading International Journal of Public Administration
909 ## -
-- 57640
Holdings
Withdrawn status Lost status Damaged status Not for loan Permanent Location Current Location Date acquired Serial Enumeration / chronology Barcode Date last seen Price effective from Koha item type
        Indian Institute of Public Administration Indian Institute of Public Administration 2018-07-19 Volume no: 26, Issue no: 8-9 AR58085 2018-07-19 2018-07-19 Articles

Powered by Koha